zpět

Detail výsledku týmu

Žumpa Pivnice, Ústí nad Labem

Datum a čas kvízu

29 Celkem bodů Celkový počet nahraných bodů na tomto kvízu bez doplňovacích otázek.
7. Pořadí na kvízu Konečné umístění týmu na tomto kvízu.

Zaznamenané odpovědi

# Otázka Odpověď Body Výsledky
1. V médiích se minulý týden hojn... 0
2. V keňské rezervaci Laikipia Wi... 1
3. Rakouská společnost Koch Media... 1
4. Společnost Coca-Cola přichází... 0
5. V průběhu loňského mistrovství... 0
6. Dlouhé názvy filmů byly v módě... 1
5. Volné pokračování úspěšné sati... 1
5. V roce 1974 natočil režisér Cl... 1
5. Kultovní režisér Woody Allen v... 1
5. V roce 1981 natočil režisér Mi... 1